[Event "MARIENBAD OPEN 2019 - B2 - IM"]
[Site "Polonia hotel, Marianske Lazne"]
[Date "2019.01.26"]
[Round "9"]
[White "Jurek, Josef"]
[Black "Stigar, Petter"]
[Result "1/2-1/2"]
[WhiteElo "2273"]
[BlackElo "2177"]
[EventDate "2019.01.19"]

1. c4  e6  2. Nc3  d5
3. d4  Nf6  4. Bg5
Be7  5. e3  Nbd7
6. Nf3  h6  7. Bh4
O-O  8. Rc1  c5
9. cxd5  Nxd5  10. Bxe7  Nxe7
11. Bb5  cxd4  12. Qxd4
Nf6  13. O-O  a6
14. Be2  Qxd4  15. Nxd4
Bd7  16. Bf3  Rab8
17. Rfd1  Rfc8  18. Kf1
Kf8  19. Ke1  Rc7
20. Ne4  Rxc1  21. Rxc1
Nxe4  22. Bxe4  Rc8
23. Rxc8+ 1/2-1/2

[Event "MARIENBAD OPEN 2019 - C - FIDE open"]
[Site "Polonia hotel, Marianske Lazne"]
[Date "2019.01.26"]
[Round "9"]
[White "Shagbazyan, Taron"]
[Black "Dovzhenko, Viktor"]
[Result "1-0"]
[WhiteElo "2415"]
[BlackElo "2078"]
[PlyCount "71"]
[EventDate "2019.01.19"]

1. d4 g6 2. c4 Bg7 3. Nc3 d6 4. g3 e5 5. e3 Nc6 6. d5 Nce7 7. Bg2 f5 8. e4 Nf6
9. Nge2 fxe4 10. Nxe4 Nxe4 11. Bxe4 Bh3 12. Bg5 Qd7 13. Qd2 O-O 14. Ng1 Bf5 15.
Bg2 Rae8 16. h3 b5 17. g4 Bxg4 18. hxg4 Qxg4 19. f3 Qxc4 20. Bf1 Qc5 21. Rc1
Qb6 22. Bxe7 Rxe7 23. Bh3 Rf4 24. Be6+ Kh8 25. Rc6 Qb8 26. Qc2 e4 27. Nh3 Rh4
28. fxe4 Be5 29. Rf1 b4 30. Rf3 a5 31. Kd1 a4 32. Qf2 Re8 33. Qxh4 b3 34. Rf7
Bg7 35. Rcxc7 bxa2 36. Qxh7+ 1-0

[Event "MARIENBAD OPEN 2019 - C - FIDE open"]
[Site "Polonia hotel, Marianske Lazne"]
[Date "2019.01.26"]
[Round "9"]
[White "Chkhaidze, Nikoloz"]
[Black "Lys, Josef"]
[Result "1-0"]
[WhiteElo "2290"]
[BlackElo "2134"]
[PlyCount "107"]
[EventDate "2019.01.19"]

1. d4 Nf6 2. Bf4 Nh5 3. Bg5 h6 4. Bh4 g5 5. e4 Nf4 6. Bg3 Ng6 7. Nf3 c5 8. Nc3
cxd4 9. Nxd4 d6 10. Bc4 Nc6 11. Nxc6 bxc6 12. Qf3 Rh7 13. O-O-O Qb6 14. e5 Rb8
15. exd6 g4 16. Qd3 Qxb2+ 17. Kd2 Bg7 18. Ke2 Rb7 19. Ba6 Bxc3 20. Bxb7 Qxb7
21. Qxc3 f5 22. Qd3 Rg7 23. Rhe1 f4 24. Kf1 fxg3 25. dxe7 Nxe7 26. hxg3 Qb6 27.
Kg1 Rf7 28. Rxe7+ Rxe7 29. Qg6+ Kf8 30. Qf6+ Ke8 31. Qh8+ Kf7 32. Qxc8 Qb4 33.
Qf5+ Kg7 34. Rd8 Qe1+ 35. Kh2 Qe6 36. Qf8+ Kg6 37. Qf4 Rd7 38. Rf8 Rd5 39. Qb4
c5 40. Qc3 Rf5 41. Qd3 Kg5 42. f4+ Kg6 43. Rxf5 Qxf5 44. Kg1 Kf6 45. Qxf5+ Kxf5
46. Kf2 Ke4 47. Ke2 h5 48. Kd2 h4 49. gxh4 Kxf4 50. c4 a5 51. Ke2 a4 52. a3 Kg3
53. h5 Kxg2 54. h6 1-0

[Event "MARIENBAD OPEN 2019 - C - FIDE open"]
[Site "Polonia hotel, Marianske Lazne"]
[Date "2019.01.26"]
[Round "9"]
[White "Kushko, Dmitriy"]
[Black "Stalmach, Richard"]
[Result "1-0"]
[WhiteElo "2270"]
[BlackElo "2164"]
[PlyCount "39"]
[EventDate "2019.01.19"]

1. g3 Nf6 2. Bg2 e6 3. Nf3 d5 4. O-O c5 5. c4 dxc4 6. Na3 Nc6 7. Nxc4 Be7 8. b3
Rb8 9. Bb2 b5 10. Nfe5 Nb4 11. a3 Bb7 12. axb4 Bxg2 13. Kxg2 bxc4 14. bxc4 Rxb4
15. Bc3 Rb7 16. Qa4+ Kf8 17. Rfb1 Rxb1 18. Rxb1 Qa8+ 19. f3 Ne8 20. Rb8 1-0

[Event "MARIENBAD OPEN 2019 - C - FIDE open"]
[Site "Polonia hotel, Marianske Lazne"]
[Date "2019.01.26"]
[Round "9"]
[White "Simet, Martin"]
[Black "Michalczak, Thomas"]
[Result "0-1"]
[WhiteElo "2223"]
[BlackElo "2139"]
[PlyCount "62"]
[EventDate "2019.01.19"]

1. e4 c5 2. Nf3 a6 3. c4 Nc6 4. d4 cxd4 5. Nxd4 Nf6 6. Nc3 e5 7. Nf5 d5 8. cxd5
Nxe4 9. Ne3 Nxc3 10. bxc3 Na5 11. Be2 f5 12. O-O Bd6 13. Re1 O-O 14. Nf1 Bd7
15. c4 Rc8 16. Bb2 Bb4 17. Nd2 e4 18. a3 Bc5 19. Nb3 Ba4 20. Nxc5 Bxd1 21. Ne6
Bxe2 22. Nxd8 Rfxd8 23. Rxe2 Nxc4 24. g4 f4 25. Bc1 g5 26. Rxe4 Rxd5 27. Re1
Ne5 28. Kg2 Nxg4 29. h4 Rc2 30. Rf1 Rd3 31. hxg5 Rg3+ 0-1

[Event "MARIENBAD OPEN 2019 - C - FIDE open"]
[Site "Polonia hotel, Marianske Lazne"]
[Date "2019.01.26"]
[Round "9"]
[White "Frank, Adam"]
[Black "Svanda, Ondrej"]
[Result "1/2-1/2"]
[WhiteElo "2108"]
[BlackElo "2215"]
[PlyCount "70"]
[EventDate "2019.01.19"]

1. e4 c5 2. Nf3 d6 3. d4 cxd4 4. Nxd4 Nf6 5. Nc3 a6 6. Be2 e6 7. Be3 Be7 8. f4
O-O 9. g4 Nc6 10. g5 Nd7 11. Qd2 Nxd4 12. Bxd4 b5 13. a3 Bb7 14. Rg1 Nc5 15. f5
e5 16. Bxc5 dxc5 17. O-O-O Qxd2+ 18. Rxd2 Rfd8 19. Nd5 Bxd5 20. Rxd5 Rxd5 21.
exd5 e4 22. c4 bxc4 23. Bxc4 Bd6 24. Rg4 Re8 25. Kd2 Re5 26. Ke3 Rxf5 27. Rxe4
Kf8 28. h4 a5 29. b3 Re5 30. Rxe5 Bxe5 31. Ke4 Bb2 32. d6 Ke8 33. Kd5 Bxa3 34.
Kc6 Kd8 35. Bxf7 h6 1/2-1/2

[Event "MARIENBAD OPEN 2019 - C - FIDE open"]
[Site "Polonia hotel, Marianske Lazne"]
[Date "2019.01.26"]
[Round "9"]
[White "Sabuk, Piotr"]
[Black "Nemec, Pavel"]
[Result "1-0"]
[WhiteElo "2395"]
[BlackElo "2232"]
[PlyCount "153"]
[EventDate "2019.01.19"]

1. d4 Nf6 2. c4 e6 3. g3 d5 4. Nf3 dxc4 5. Bg2 Nc6 6. Qa4 Bd7 7. Qxc4 Bd6 8.
O-O O-O 9. Nc3 a6 10. Rd1 Qe7 11. Ne5 Na5 12. Qd3 Be8 13. Ne4 Nxe4 14. Bxe4 f5
15. Bf3 Rd8 16. Qe3 c5 17. Bd2 cxd4 18. Qxd4 Bxe5 19. Qxe5 Nc4 20. Qc3 Nxd2 21.
Rxd2 Rxd2 22. Qxd2 e5 23. Bd5+ Bf7 24. Rc1 Rd8 25. Bxf7+ Kxf7 26. Qa5 Kf6 27.
Rc7 Rd7 28. Qb6+ Kf7 29. Qb3+ Kf6 30. Qb6+ Kf7 31. Rc8 Rd6 32. Qb3+ Kg6 33. a4
Qd7 34. Rb8 Rd1+ 35. Kg2 Qc6+ 36. Kh3 Rd7 37. Re8 Qd5 38. Re6+ Kf7 39. Qxd5
Rxd5 40. Rb6 Rd7 41. e3 g6 42. g4 fxg4+ 43. Kxg4 Kg7 44. a5 Kh6 45. b4 Rc7 46.
Kh4 Rf7 47. Kg3 Kg5 48. e4 Re7 49. h4+ Kh6 50. Kg4 Kg7 51. f3 h6 52. Rd6 Rc7
53. Re6 Rc1 54. Rxe5 Kf6 55. Rd5 Ke6 56. b5 Rg1+ 57. Kf4 Rh1 58. Kg3 Rg1+ 59.
Kf2 Rh1 60. Kg3 Rg1+ 61. Kh2 Rb1 62. b6 Ra1 63. Kg2 Kf6 64. Kg3 g5 65. Rf5+ Kg6
66. hxg5 hxg5 67. Kf2 Ra3 68. Ke2 Ra2+ 69. Kd3 Ra4 70. Kc3 g4 71. Kb3 Rd4 72.
fxg4 Rxe4 73. Rf8 Re3+ 74. Kc4 Re4+ 75. Kd5 Ra4 76. Kd6 Rxa5 77. Kc7 1-0

[Event "MARIENBAD OPEN 2019 - C - FIDE open"]
[Site "Polonia hotel, Marianske Lazne"]
[Date "2019.01.26"]
[Round "9"]
[White "Kolbus, Dietmar"]
[Black "Chudinovskikh, Alexander M"]
[Result "1/2-1/2"]
[WhiteElo "2294"]
[BlackElo "2184"]
[PlyCount "62"]
[EventDate "2019.01.19"]

1. c4 e5 2. g3 c6 3. Nf3 e4 4. Nd4 d5 5. cxd5 Qxd5 6. e3 Nf6 7. Nc3 Qe5 8. Bg2
Bb4 9. Qc2 Bxc3 10. Qxc3 O-O 11. b3 a5 12. Bb2 Qh5 13. Ne2 Re8 14. Nf4 Qb5 15.
d3 Bf5 16. dxe4 Bxe4 17. Bxe4 Rxe4 18. Qd3 Qxd3 19. Nxd3 Nbd7 20. Bxf6 Nxf6 21.
Ke2 Nd5 22. a3 Re7 23. Rhc1 a4 24. b4 Nc7 25. Nb2 Nb5 26. Kf1 g6 27. Rd1 Kg7
28. Rd3 Nc7 29. Rc1 Ra5 30. Rc5 Ne6 31. Rc2 Rc7 1/2-1/2

[Event "MARIENBAD OPEN 2019 - C - FIDE open"]
[Site "Polonia hotel, Marianske Lazne"]
[Date "2019.01.26"]
[Round "9"]
[White "Perman, Sergey"]
[Black "Shilov, Sergej"]
[Result "1/2-1/2"]
[WhiteElo "2108"]
[BlackElo "2243"]
[PlyCount "29"]
[EventDate "2019.01.19"]

1. c4 e5 2. Nc3 Bb4 3. g3 Nf6 4. Bg2 O-O 5. d3 Re8 6. e4 h6 7. Nge2 c6 8. O-O
a5 9. h3 d5 10. cxd5 cxd5 11. Nxd5 Nxd5 12. exd5 Na6 13. Be3 Bf5 14. Rc1 Qd6
15. d4 1/2-1/2

[Event "MARIENBAD OPEN 2019 - C - FIDE open"]
[Site "Polonia hotel, Marianske Lazne"]
[Date "2019.01.26"]
[Round "9"]
[White "Qiu, Mengjie"]
[Black "Madej, Marek"]
[Result "1-0"]
[WhiteElo "2247"]
[BlackElo "1741"]
[PlyCount "49"]
[EventDate "2019.01.19"]

1. e4 c5 2. Nf3 e6 3. d4 cxd4 4. Nxd4 Nc6 5. Nc3 Qc7 6. Be2 a6 7. O-O Nf6 8.
Be3 b5 9. Nxc6 dxc6 10. f4 Be7 11. e5 Nd5 12. Nxd5 cxd5 13. c3 O-O 14. Bd4 Bb7
15. Bd3 Bc5 16. g4 Rac8 17. Qe2 Rce8 18. Rf3 f6 19. Rh3 g6 20. Qe3 Bxd4 21.
cxd4 fxe5 22. fxe5 Rf7 23. Bxg6 hxg6 24. Qh6 Rg7 25. Rf1 1-0

[Event "MARIENBAD OPEN 2019 - C - FIDE open"]
[Site "Polonia hotel, Marianske Lazne"]
[Date "2019.01.26"]
[Round "9"]
[White "Nytra, Ondrej"]
[Black "Tennstedt, Andreas"]
[Result "1-0"]
[WhiteElo "1956"]
[BlackElo "2126"]
[PlyCount "71"]
[EventDate "2019.01.19"]

1. e4 g6 2. d4 Bg7 3. Nc3 c6 4. f4 d5 5. e5 Nh6 6. Nf3 Bg4 7. Be3 Nf5 8. Bf2 e6
9. h3 Bxf3 10. Qxf3 h5 11. Bd3 h4 12. O-O Nd7 13. Kh2 Bf8 14. Ne2 Be7 15. b3
Qc7 16. c4 b6 17. Rac1 Ba3 18. Rc2 Qb7 19. Nc3 a6 20. Nb1 Be7 21. Rfc1 Bd8 22.
b4 b5 23. cxd5 cxd5 24. Nd2 Qb8 25. Nb3 Nb6 26. Nc5 Nc4 27. a4 Ne7 28. Qg4 Rg8
29. Qxh4 Qc8 30. Qh7 Kf8 31. Bh4 Nf5 32. Bxf5 gxf5 33. Bf6 bxa4 34. Rc3 Bxf6
35. exf6 Qd8 36. Rg3 1-0

[Event "MARIENBAD OPEN 2019 - C - FIDE open"]
[Site "Polonia hotel, Marianske Lazne"]
[Date "2019.01.26"]
[Round "9"]
[White "Gnojek, Petr"]
[Black "Skoloud, Barnabas"]
[Result "1/2-1/2"]
[WhiteElo "2086"]
[BlackElo "1756"]
[PlyCount "48"]
[EventDate "2019.01.19"]

1. d4 e6 2. c4 f5 3. Nf3 Nf6 4. Nc3 Bb4 5. Bd2 d6 6. e3 O-O 7. Be2 b6 8. O-O
Bxc3 9. Bxc3 Ne4 10. Be1 Bb7 11. Nd2 Nd7 12. f3 Nxd2 13. Bxd2 a5 14. Qc2 e5 15.
Bd3 Qg5 16. Rae1 Rf6 17. Bc3 Raf8 18. dxe5 dxe5 19. f4 Qh4 20. fxe5 Rh6 21. g3
Qxg3+ 22. hxg3 Rh1+ 23. Kf2 Rh2+ 24. Kg1 Rh1+ 1/2-1/2

[Event "MARIENBAD OPEN 2019 - C - FIDE open"]
[Site "Polonia hotel, Marianske Lazne"]
[Date "2019.01.26"]
[Round "9"]
[White "Luberanski, Jakub"]
[Black "Vantuch, Lucian"]
[Result "1-0"]
[WhiteElo "1959"]
[BlackElo "1883"]
[PlyCount "49"]
[EventDate "2019.01.19"]

1. e4 c5 2. Nf3 e6 3. d4 cxd4 4. Nxd4 a6 5. Nc3 Qc7 6. Bd3 Nf6 7. O-O Bc5 8.
Nb3 Ba7 9. Qe2 d6 10. Be3 Bxe3 11. Qxe3 Nbd7 12. a4 b6 13. f4 Bb7 14. Rae1 Rc8
15. Qe2 Ra8 16. e5 Ng8 17. exd6 Qxd6 18. Be4 Nc5 19. Bxb7 Nxb7 20. f5 Nd8 21.
Qf3 Ra7 22. Ne4 Qe7 23. Qg3 Kf8 24. fxe6 Qxe6 25. Nd6 1-0

[Event "MARIENBAD OPEN 2019 - C - FIDE open"]
[Site "Polonia hotel, Marianske Lazne"]
[Date "2019.01.26"]
[Round "9"]
[White "Stojkovic, Andreja"]
[Black "Laurincova, Kristyna"]
[Result "0-1"]
[WhiteElo "1956"]
[BlackElo "2044"]
[PlyCount "70"]
[EventDate "2019.01.19"]

1. Nf3 c5 2. b3 d6 3. g3 e5 4. d3 g6 5. Bg2 Bg7 6. Bb2 Ne7 7. O-O O-O 8. c4 e4
9. Bxg7 exf3 10. Bxf8 fxg2 11. Kxg2 Qxf8 12. Qd2 Nbc6 13. Nc3 Be6 14. e4 Nd4
15. Nd5 Nxd5 16. cxd5 Bg4 17. f3 Bd7 18. Rh1 f5 19. Raf1 f4 20. Rf2 g5 21. h3
Qh6 22. g4 Qh4 23. Qd1 Kg7 24. Rh2 Rh8 25. Kh1 h5 26. b4 hxg4 27. fxg4 b6 28.
bxc5 bxc5 29. Rb2 Kf6 30. Qf1 Qg3 31. Rbf2 Bb5 32. h4 Bxd3 33. hxg5+ Kg7 34.
Rxh8 Bxf1 35. Rfh2 Qf3+ 0-1

[Event "MARIENBAD OPEN 2019 - C - FIDE open"]
[Site "Polonia hotel, Marianske Lazne"]
[Date "2019.01.26"]
[Round "9"]
[White "Jiruse, Josef"]
[Black "Ruessel, Bernhard"]
[Result "0-1"]
[WhiteElo "2023"]
[BlackElo "1910"]
[PlyCount "40"]
[EventDate "2019.01.19"]

1. e4 c6 2. d4 d5 3. exd5 cxd5 4. c4 Nf6 5. Nc3 e6 6. Nf3 Be7 7. Bd3 dxc4 8.
Bxc4 O-O 9. O-O Nc6 10. Bf4 Nb4 11. Be5 b6 12. a3 Nbd5 13. Qd3 Nxc3 14. bxc3
Bb7 15. Ng5 h6 16. Bxf6 hxg5 17. Be5 Rc8 18. Bb3 Bf6 19. f4 gxf4 20. Bxf4 Rxc3
0-1

[Event "MARIENBAD OPEN 2019 - D - Open Seniors"]
[Site "the Polonia hotel, Marianske L"]
[Date "2019.01.26"]
[Round "9"]
[White "Paldus, Petr"]
[Black "Polich, Sergei"]
[Result "0-1"]
[WhiteElo "2037"]
[BlackElo "2112"]
[PlyCount "104"]
[EventDate "2019.01.19"]

1. e4 c5 2. Nf3 Nc6 3. c4 g6 4. g3 Bg7 5. Bg2 d6 6. O-O e6 7. Nc3 Nge7 8. a3 a5
9. Rb1 O-O 10. d3 Bd7 11. Be3 Nd4 12. Ne2 Nec6 13. Nfxd4 cxd4 14. Bd2 a4 15. b4
axb3 16. Qxb3 Ra7 17. Ra1 Qc7 18. f4 Rfa8 19. g4 Qd8 20. g5 h6 21. h4 hxg5 22.
hxg5 Ne7 23. Bb4 Qb6 24. Qc2 Qc7 25. Ng3 Nc6 26. Rab1 Nxb4 27. axb4 Ra2 28. Rb2
R2a3 29. Qd2 Rc3 30. Qe2 Raa3 31. Rd2 b5 32. f5 Be5 33. fxg6 Be8 34. gxf7+ Bxf7
35. Qg4 Rxd3 36. Rxd3 Rxd3 37. g6 Rxg3 38. gxf7+ Kf8 39. Qxe6 Qd8 40. cxb5
Rxg2+ 41. Kxg2 Qg5+ 42. Kf3 Qf4+ 43. Ke2 d3+ 44. Kxd3 Qxf1+ 45. Kd2 Qf2+ 46.
Kd1 Qd4+ 47. Kc1 Qc3+ 48. Kd1 Qd3+ 49. Kc1 Bf4+ 50. Kb2 Qd2+ 51. Kb3 Qd1+ 52.
Ka3 Bc1+ 0-1

[Event "MARIENBAD OPEN 2019 - D - Open Seniors"]
[Site "the Polonia hotel, Marianske L"]
[Date "2019.01.26"]
[Round "9"]
[White "Kozak, Milos"]
[Black "Chmelik, Jiri"]
[Result "1/2-1/2"]
[WhiteElo "2203"]
[BlackElo "1977"]
[PlyCount "79"]
[EventDate "2019.01.19"]

1. Nf3 Nf6 2. c4 e6 3. g3 b6 4. Bg2 Bb7 5. O-O Be7 6. Nc3 O-O 7. Re1 c5 8. e4
d6 9. d4 cxd4 10. Nxd4 Qc8 11. Be3 a6 12. Rc1 Nbd7 13. f4 Rd8 14. Bf2 Qc7 15.
b3 Bf8 16. g4 g6 17. g5 Nh5 18. Qd2 Bg7 19. Nde2 Bf8 20. Bf3 Ng7 21. Ng3 f6 22.
h4 fxg5 23. hxg5 Ne8 24. Bg4 Ng7 25. Nf1 Be7 26. Nh2 Rf8 27. Bh3 e5 28. Be3
exf4 29. Bxf4 Ne5 30. Rf1 Nh5 31. Be3 Rxf1+ 32. Bxf1 Rf8 33. Bg2 Qd8 34. Re1
Bc6 35. a4 Kg7 36. Rf1 Qb8 37. Rxf8 Bxf8 38. Bd4 Kg8 39. Nf3 Bg7 40. Nd5
1/2-1/2

[Event "MARIENBAD OPEN 2019 - D - Open Seniors"]
[Site "the Polonia hotel, Marianske L"]
[Date "2019.01.26"]
[Round "9"]
[White "Bartos, Jan"]
[Black "Baum, Bernd"]
[Result "1-0"]
[WhiteElo "2178"]
[BlackElo "2204"]
[PlyCount "75"]
[EventDate "2019.01.19"]

1. d4 d5 2. c4 e6 3. Nc3 Nf6 4. Bg5 c6 5. e3 Nbd7 6. Nf3 h6 7. Bh4 g5 8. Bg3
Nh5 9. Be2 Nxg3 10. fxg3 Bg7 11. O-O O-O 12. Qc2 Qe7 13. Rad1 b6 14. e4 dxc4
15. Bxc4 e5 16. Ne2 Bb7 17. Kh1 Rac8 18. dxe5 Nxe5 19. Nxe5 Bxe5 20. Nd4 Bxd4
21. Rxd4 b5 22. Qd2 Rc7 23. Bb3 c5 24. Rd6 Bxe4 25. Rxh6 c4 26. Bc2 Kg7 27. Rh5
f6 28. Re1 Qf7 29. g4 Bg6 30. Bxg6 Qxg6 31. Qd6 Rff7 32. Qd8 Qxh5 33. gxh5 Rcd7
34. Qa8 Rd2 35. h3 Rxb2 36. Qe4 c3 37. Qg6+ Kf8 38. Qh6+ 1-0

[Event "MARIENBAD OPEN 2019 - D - Open Seniors"]
[Site "the Polonia hotel, Marianske L"]
[Date "2019.01.26"]
[Round "9"]
[White "Panos, Jan"]
[Black "Schatz, Christian"]
[Result "0-1"]
[WhiteElo "1846"]
[BlackElo "2159"]
[PlyCount "118"]
[EventDate "2019.01.19"]

1. d4 Nf6 2. Nf3 g6 3. c4 Bg7 4. Nc3 O-O 5. e4 d6 6. Be2 Nbd7 7. O-O e5 8. d5
Nc5 9. Nd2 a5 10. f3 Nfd7 11. Nb3 f5 12. Be3 b6 13. Nxc5 Nxc5 14. b3 Bd7 15. a3
Qe8 16. Rb1 a4 17. Bxc5 bxc5 18. b4 cxb4 19. Rxb4 Bh6 20. Qd3 Rb8 21. Rfb1 Rxb4
22. Rxb4 Qa8 23. Nd1 Qa7+ 24. Kh1 fxe4 25. fxe4 Rb8 26. Rxb8+ Qxb8 27. Kg1 Bc1
28. Qc3 Qb1 29. Kf2 Bf4 30. g3 Bh6 31. Qf3 Kg7 32. Ne3 Qb6 33. Bd1 Qd4 34. Be2
Kg8 35. Bf1 Qb2+ 36. Be2 Qxa3 37. Nc2 Qxf3+ 38. Kxf3 Bc1 39. Nb4 h5 40. Kf2 Kf7
41. Bd1 Ba3 42. Na2 Bc5+ 43. Kg2 Kf6 44. h3 Kg5 45. h4+ Kf6 46. Nc3 a3 47. Bb3
Ke7 48. Kf3 Bg4+ 49. Kg2 Kd8 50. Kf1 Kc8 51. Na2 Bd7 52. Ke2 Kb7 53. Nc3 Kb6
54. Na2 Ka5 55. Nc1 Ba4 56. Ba2 Bc2 57. Kd2 Bxe4 58. Nb3+ Kb4 59. Nxc5 dxc5 0-1

[Event "MARIENBAD OPEN 2019 - D - Open Seniors"]
[Site "the Polonia hotel, Marianske L"]
[Date "2019.01.26"]
[Round "9"]
[White "Ahrends, Norbert"]
[Black "Malinovsky, Petr"]
[Result "1/2-1/2"]
[WhiteElo "1898"]
[BlackElo "2004"]
[PlyCount "29"]
[EventDate "2019.01.19"]

1. d4 d5 2. c4 e6 3. Nf3 c6 4. Qc2 f5 5. Bf4 Nf6 6. e3 Bd6 7. Bxd6 Qxd6 8. Nc3
O-O 9. Ne5 Nbd7 10. f4 Ne4 11. Nxe4 fxe4 12. Nxd7 Bxd7 13. Be2 b6 14. O-O Qe7
15. a3 1/2-1/2

[Event "MARIENBAD OPEN 2019 - D - Open Seniors"]
[Site "the Polonia hotel, Marianske L"]
[Date "2019.01.26"]
[Round "9"]
[White "Van Der Giessen, Ada Leona"]
[Black "Briza, Jiri"]
[Result "1-0"]
[WhiteElo "1809"]
[BlackElo "1944"]
[PlyCount "67"]
[EventDate "2019.01.19"]

1. e4 e5 2. Bc4 Nf6 3. d3 Bc5 4. Nf3 d6 5. O-O O-O 6. Be3 Bb6 7. a4 c6 8. Qd2
Nbd7 9. h3 Bxe3 10. Qxe3 Qb6 11. Bb3 Nc5 12. Nbd2 Nxb3 13. Qxb6 axb6 14. Nxb3
Nh5 15. Nbd2 f5 16. Nc4 fxe4 17. dxe4 Bxh3 18. Nxd6 Rf6 19. Nc4 Rg6 20. Ne3 Nf4
21. Nxe5 Nxg2 22. Nxg6 Nxe3 23. Rfc1 hxg6 24. fxe3 Re8 25. Kf2 Rxe4 26. Rd1 Rb4
27. b3 Bf5 28. Rac1 Rh4 29. Rd8+ Kf7 30. Rb8 Bxc2 31. Rxb7+ Kg8 32. Rxb6 Be4
33. Kg3 Rh5 34. b4 1-0

[Event "MARIENBAD OPEN 2019 - D - Open Seniors"]
[Site "the Polonia hotel, Marianske L"]
[Date "2019.01.26"]
[Round "9"]
[White "Kucera, Jiri"]
[Black "Van Kesteren, Stef"]
[Result "1-0"]
[WhiteElo "1939"]
[BlackElo "1853"]
[PlyCount "35"]
[EventDate "2019.01.19"]

1. e4 Nc6 2. Nf3 Nf6 3. e5 Ng4 4. d4 d6 5. h3 Nh6 6. Bb5 a6 7. Bxc6+ bxc6 8.
O-O g6 9. Bf4 Rb8 10. Re1 Nf5 11. Nbd2 c5 12. exd6 cxd6 13. Ne4 e6 14. dxc5
Rxb2 15. g4 Nh4 16. Nxh4 Qxh4 17. Bg5 Qxh3 18. Re3 1-0

[Event "MARIENBAD OPEN 2019 - D - Open Seniors"]
[Site "the Polonia hotel, Marianske L"]
[Date "2019.01.26"]
[Round "9"]
[White "Pokora, Lubomir"]
[Black "Ruzicka, Tomas"]
[Result "1/2-1/2"]
[WhiteElo "1885"]
[BlackElo "1739"]
[PlyCount "50"]
[EventDate "2019.01.19"]

1. d4 Nf6 2. Bf4 g6 3. Nc3 d5 4. Qd2 c6 5. f3 Bg7 6. Bh6 Rg8 7. Bxg7 Rxg7 8. e4
dxe4 9. Nxe4 Nxe4 10. fxe4 Nd7 11. O-O-O Nf6 12. Re1 Be6 13. Kb1 Nxe4 14. Rxe4
Qd5 15. Rxe6 Qxe6 16. Nf3 O-O-O 17. Bd3 f6 18. Qa5 a6 19. Re1 Qd6 20. b3 Qc7
21. Qd2 g5 22. h3 h5 23. c3 Qd6 24. Qe3 Kb8 25. Bc4 Qg3 1/2-1/2

[Event "MARIENBAD OPEN 2019 - D - Open Seniors"]
[Site "the Polonia hotel, Marianske L"]
[Date "2019.01.26"]
[Round "9"]
[White "Stokes, Paul C"]
[Black "Dolezal, Rudolf"]
[Result "1/2-1/2"]
[WhiteElo "1857"]
[BlackElo "1625"]
[PlyCount "71"]
[EventDate "2019.01.19"]

1. d4 d5 2. c4 Nc6 3. Nc3 Nf6 4. cxd5 Nxd5 5. e4 Nxc3 6. bxc3 e6 7. Nf3 Be7 8.
Bd3 a6 9. O-O O-O 10. e5 b5 11. a4 b4 12. c4 g6 13. Be4 Bb7 14. Bb2 a5 15. d5
Na7 16. Qb3 f5 17. exf6 Bxf6 18. Rad1 Bxb2 19. dxe6 Qf6 20. Bxb7 Rab8 21. e7
Rfe8 22. Bd5+ Kg7 23. Qe3 Nc8 24. Qc5 Qb6 25. Qxb6 Rxb6 26. c5 Rf6 27. Ng5 Rxe7
28. Ne4 Rf5 29. f3 Ree5 30. Bb3 Re7 31. Rd3 Na7 32. Rfd1 Nc6 33. Rd7 Kf8 34.
R7d3 h6 35. R1d2 Bg7 36. Rd1 1/2-1/2